All foreign players Motherwell FC - Statistics

General Stats
  • This quiz has been taken 14 times
  • The average score is 16 of 95
Answer Stats
Hint Answer % Correct
Bevis Mugabi
58%
Scott McDonald
50%
Steve McDonald
50%
Kevin Van Veen
42%
Casper Sloth
33%
Chris Humphrey
33%
Davor Zdravkovski
33%
Henri Anier
33%
Henrik Ojamaa
33%
Nadir Çiftçi
33%
Roberto Martínez
33%
Rolando Aarons
33%
Zaine Francis-Angol
33%
Alex Gorrin
25%
Daniel Sengewald
25%
David Ferrère
25%
Dirk Lehmann
25%
Eric Deloumeaux
25%
Esteban Casagolda
25%
François Dubourdeau
25%
Gunnar Nielsen
25%
Juhani Ojala
25%
Mitchell Van Der Gaag
25%
Omar Daley
25%
Sieb Dijkstra
25%
Simo Valakari
25%
Theo Bair
25%
Abel Thermeus
17%
Ange Oueifio
17%
Gaël Bigirimana
17%
Gunnlaugur Jónsson
17%
James Okoli
17%
Jan Michels
17%
Joe Efford
17%
Jóhannes Eðvaldsson
17%
Kai Nyyssönen
17%
Luc Nijholt
17%
Maroš Klimpl
17%
Michael McGlinchey
17%
Michel Doesburg
17%
Mika Biereth
17%
Miodrag Krivokapić
17%
Nick Blackman
17%
Pape Souaré
17%
Riku Danzaki
17%
Rob Matthaei
17%
Said Chiba
17%
Sasa Ćurčić
17%
Yann Soloy
17%
Yassin Moutaouakil
17%
Aaron Taylor-Sinclair
8%
Angelis Angeli
8%
Artur Krysiak
8%
Benito Kemble
8%
Bobby McGuinness
8%
Christian Ilić
8%
Christy Manzinga
8%
Dan Twardzik
8%
Davey Williamson
8%
Eliphas Shivute
8%
Elroy Kromheer
8%
Éric Garcin
8%
Franck Bernhard
8%
Franz Resch
8%
Gboly Ariyibi
8%
Gennadios Xenodochof
8%
Gerry Baker
8%
Harry Paton
8%
Hervé Bacqué
8%
Holm Kraska
8%
Ibrahim Kamara
8%
Joni Lehtonen
8%
Khaled Kemas
8%
Krisztián Vadócz
8%
Lewis Grabban
8%
Luka Belić
8%
Mario Dorner
8%
Marius Røvde
8%
Marko Tuomela
8%
Mats Lundgren
8%
Mikael Mandron
8%
Mikko Kavén
8%
Morgaro Gomis
8%
Oliver Pain
8%
Petravičius
8%
Robert Maaskant
8%
Ross Ballantyne
8%
Sebastian Kosiorowski
8%
Semih Aydilek
8%
Sherwin Seedorf
8%
Sondre Solholm
8%
Stefan Lindqvist
8%
Theo Robinson
8%
Tommy O'Hara
8%
Victor Nirennold
8%
No matching quizzes found
Score Distribution
Percent of People with Each Score
Percentile by Number Answered
Your Score History
You have not taken this quiz